000 01048cab a22002175a 4500
001 L137457
008 070405s2007 xxk f 000 0 eng d
035 _a(Sirsi) u137457
041 0 _aeng
100 1 _aPonting, Lucy
245 0 0 _aCan you really be carbon-neutral?
260 _c2007
490 _aEnvironment Information Bulletin
_v(167) April 2007, 13-16(4)
520 _aExamines the trend of high profile organisations pledging themselves to carbon-neutral policies. Discusses what such policies mean, their risks, whether it is a realistic goal and how they would fit into an organisation?s wider environmental and carbon reduction strategies. Suggests that tree planting projects should be avoided and notes that some environmental campaigners think these policies are a smokescreen to avoid legislation.
590 _aKA
650 2 4 _aGREENHOUSE GASES
650 2 4 _aCLIMATE CHANGE
651 4 _aUnited Kingdom
_y
690 _aENVIRONMENTAL AND LAND CONSULTANCY-ENVIRONMENTAL MANAGEMENT-ENVIRONMENTAL CONSERVATION
942 _n0
999 _c78609
_d78609